Mathematics for engineering, 4th Ed (Record no. 301256)
[ view plain ]
| 000 -LEADER | |
|---|---|
| fixed length control field | 00307 a2200133 4500 |
| 001 - CONTROL NUMBER | |
| control field | 66183 |
| 082 ## - DEWEY DECIMAL CLASSIFICATION NUMBER | |
| Classification number | 515.102462 BOL |
| 090 ## - LOCALLY ASSIGNED LC-TYPE CALL NUMBER (OCLC); LOCAL CALL NUMBER (RLIN) | |
| -- | 38473 |
| -- | 38473 |
| 100 ## - MAIN ENTRY--PERSONAL NAME | |
| Personal name | Bolton W. |
| 245 ## - TITLE STATEMENT | |
| Title | Mathematics for engineering, 4th Ed |
| 250 ## - EDITION STATEMENT | |
| Edition statement | 4th Ed |
| 260 ## - PUBLICATION, DISTRIBUTION, ETC. | |
| Place of publication, distribution, etc. | Oxford |
| Name of publisher, distributor, etc. | Newnes |
| Date of publication, distribution, etc. | 1995 |
| 300 ## - PHYSICAL DESCRIPTION | |
| Extent | ix, 670 |
| 942 ## - ADDED ENTRY ELEMENTS (KOHA) | |
| Institution code [OBSOLETE] | NUST-CAE |
| Call number prefix | 515.102462 BOL |
| Withdrawn status | Lost status | Damaged status | Not for loan | Collection code | Permanent Location | Current Location | Date acquired | Total Checkouts | Full call number | Barcode | Date last seen | Price effective from | Koha item type |
|---|---|---|---|---|---|---|---|---|---|---|---|---|---|
| College of Aeronautical Engineering (CAE) | College of Aeronautical Engineering (CAE) | 04/03/2017 | 515.102462 BOL | CAEN-782 | 04/05/2017 | 04/05/2017 | Book |
